Sports Quiz

Random Sports Quiz

New York Yankees Relief Pitchers 1980-2018 Quiz Stats

 Plays Quiz not verified by Sporcle

Score 0/198 Timer 15:00
0 Plays Today
Year Pitcher % Correct
1996Mariano Rivera
98.9%
1997Mariano Rivera
98.9%
1998Mariano Rivera
98.9%
1999Mariano Rivera
98.9%
2000Mariano Rivera
98.9%
2001Mariano Rivera
98.9%
2002Mariano Rivera
98.9%
2003Mariano Rivera
98.9%
2004Mariano Rivera
98.9%
2005Mariano Rivera
98.9%
2006Mariano Rivera
98.9%
2007Mariano Rivera
98.9%
2008Mariano Rivera
98.9%
2009Mariano Rivera
98.9%
2010Mariano Rivera
98.9%
2013Mariano Rivera
98.9%
2018Aroldis Chapman
97.4%
2018David Robertson
96.1%
2016Aroldis Chapman
95%
2017Aroldis Chapman
94.5%
2018Dellin Betances
92.2%
2013David Robertson
91.6%
2015Dellin Betances
91.1%
2016Dellin Betances
91.1%
2012David Robertson
90.9%
1995John Wetteland
89.5%
1996John Wetteland
89.5%
2017Dellin Betances
89.5%
2014David Robertson
89.3%
2014Dellin Betances
88.8%
2015Andrew Miller
88.6%
2016Andrew Miller
88.6%
2018Chad Green
87%
2009David Robertson
86.6%
2010David Robertson
86.6%
1980Rich 'Goose' Gossage
85.6%
1981Rich 'Goose' Gossage
85.6%
1982Rich 'Goose' Gossage
85.6%
1983Rich 'Goose' Gossage
85.6%
1997Mike Stanton
85.4%
1998Mike Stanton
85.4%
1999Mike Stanton
85.4%
2000Mike Stanton
85.4%
2001Mike Stanton
85.4%
2002Mike Stanton
85.4%
2005Mike Stanton
85.4%
2010Joba Chamberlain
83.4%
1996Jeff Nelson
82.1%
1997Jeff Nelson
82.1%
1998Jeff Nelson
82.1%
1999Jeff Nelson
82.1%
2000Jeff Nelson
82.1%
2013Joba Chamberlain
81.9%
1984Dave Righetti
81.8%
1985Dave Righetti
81.8%
1986Dave Righetti
81.8%
1987Dave Righetti
81.8%
1988Dave Righetti
81.8%
1989Dave Righetti
81.8%
1990Dave Righetti
81.8%
2012Rafael Soriano
81.6%
2011Mariano Rivera
79.3%
1999Ramiro Mendoza
78.7%
2001Ramiro Mendoza
78.7%
2002Ramiro Mendoza
78.7%
2009Phil Hughes
74.8%
Year Pitcher % Correct
2011David Robertson
73%
2004Tom Gordon
72.8%
2005Tom Gordon
72.8%
1997Graeme Lloyd
65.4%
1998Graeme Lloyd
65.4%
2011Rafael Soriano
63.9%
2018Jonathan Holder
63.6%
1980Ron Davis
61%
1981Ron Davis
61%
2014Adam Warren
60.7%
1991Steve Howe
59.6%
1993Steve Howe
59.6%
1994Steve Howe
59.6%
1995Steve Howe
59.6%
2017Adam Warren
58.5%
2015Adam Warren
57.3%
2004Paul Quantrill
55.2%
2006Kyle Farnsworth
55.1%
2007Kyle Farnsworth
55.1%
2008Kyle Farnsworth
55.1%
1991Steve Farr
54.3%
1992Steve Farr
54.3%
1993Steve Farr
54.3%
2012Boone Logan
54.2%
1994Xavier Hernandez
53.8%
2013Boone Logan
53.6%
2009Phil Coke
52.7%
2010Boone Logan
51.2%
1994Bob Wickman
50.4%
1995Bob Wickman
50.4%
1996Bob Wickman
50.4%
2005Scott Proctor
50.1%
2006Scott Proctor
50.1%
2015Justin Wilson
48.4%
2006Mike Myers
47.4%
2007Mike Myers
47.4%
2008Edwar Ramirez
47.2%
2010Damaso Marte
44.8%
2011Boone Logan
43.9%
2008LaTroy Hawkins
41.9%
2005Felix Rodriguez
40.9%
1980Rudy May
40.6%
1982Rudy May
40.6%
1983Rudy May
40.6%
2002Steve Karsay
40.4%
2007Brian Bruney
38.8%
2009Brian Bruney
38.8%
1990Greg Cadaret
38.6%
1991Greg Cadaret
38.6%
1992Greg Cadaret
38.6%
2013Shawn Kelley
37.2%
2004Tanyon Sturtze
37.1%
2005Tanyon Sturtze
37.1%
2017Chasen Shreve
37%
1989Eric Plunk
37%
1990Eric Plunk
37%
1981George Frazier
35.6%
1982George Frazier
35.6%
1983George Frazier
35.6%
2004Felix Heredia
34.7%
2015Chasen Shreve
34.5%
2016Chasen Shreve
34.5%
2017Tyler Clippard
34.5%
1989Lee Guetterman
34.3%
1990Lee Guetterman
34.3%
1991Lee Guetterman
34.3%
Year Pitcher % Correct
2008Jose Veras
33.8%
2002Sterling Hitchcock
33.1%
2003Sterling Hitchcock
33.1%
1982Shane Rawley
32.2%
1999Jason Grimsley
32.1%
2000Jason Grimsley
32.1%
2012Clay Rapada
31.6%
1997Brian Boehringer
31.5%
1987Charles Hudson
31.3%
1987Cecilio Guante
30.6%
1988Cecilio Guante
30.6%
1985Neil Allen
30.5%
1988Neil Allen
30.5%
2000Randy Choate
30.1%
2001Randy Choate
30.1%
2002Randy Choate
30.1%
1983Bob Shirley
29.1%
1984Bob Shirley
29.1%
1985Bob Shirley
29.1%
1986Bob Shirley
29.1%
1985Brian Fisher
28.6%
1986Brian Fisher
28.6%
2012Cody Eppley
28.3%
2003Juan Acevedo
27.6%
1986Tim Stoddard
27.5%
1987Tim Stoddard
27.5%
1988Tim Stoddard
27.5%
2001Jay Witasick
27.1%
2003Chris Hammond
26.8%
2007Luis Vizcaino
26.8%
2011Luis Ayala
26.5%
1992Rich Monteleone
26.2%
1993Rich Monteleone
26.2%
1984Jay Howell
26.1%
2014Shawn Kelley
26%
2006Ron Villone
26%
1998Darren Holmes
25%
2003Antonio Osuna
24.6%
1990Jeff Robinson
23.8%
1991John Habyan
22.7%
1992John Habyan
22.7%
1993John Habyan
22.7%
1981Dave LaRoche
22.2%
1982Dave LaRoche
22.2%
2014Matt Thornton
22.2%
1980Doug Bird
20.1%
1981Doug Bird
20.1%
1985Rich Bordi
19%
1980Tim Lollar
18.4%
1989Lance McCullers
18%
1986Al Holland
17.7%
1986Rod Scurry
17.5%
1987Pat Clements
17.1%
1993Bobby Munoz
17%
1994Paul Gibson
17%
1984Mike Armstrong
16.9%
1983Dale Murray
16%
1989Dale Mohorcic
16%
1992Tim Burke
15.1%
1995Joe Ausanio
14.4%
1994Donn Pall
14.2%
1996Dale Polley
13.6%
1995Bob MacDonald
12.2%
1984Clay Christiansen
11.9%
1988Steve Shields
10.2%
2016Kirby Yates
6.4%

You're not logged in!

Compare scores with friends on all Sporcle quizzes.
OR
Log In

Show Comments

Extras

Top Quizzes Today


Score Distribution

Your Account Isn't Verified!

In order to create a playlist on Sporcle, you need to verify the email address you used during registration. Go to your Sporcle Settings to finish the process.

Report this User

Report this user for behavior that violates our Community Guidelines.

Details: